| 000 | 00569nam a22001811a 4500 | ||
|---|---|---|---|
| 001 | 18006 | ||
| 003 | OSt | ||
| 005 | 20260204212345.0 | ||
| 008 | 170216s2002||||xx ||||||b||||||||||eng|| | ||
| 020 | _a1550416197 | ||
| 082 | _a551.7 Ey97o | ||
| 100 | _aEyles, Nick | ||
| 245 | _aOntorio rocks: there brilion tears of enviromental change / Nick Eyles. | ||
| 264 | _aSin lugar, desconocido o indeterminado : | ||
| 300 | _a336 p. | ||
| 650 | _a1. GEOLOGÍA HISTÓRICA 2. GEOLOGÍA-ONTORIO-HISTORIA 3. GEOGRAFÍA-HISTÓRICA 4. UNIVERSIDAD DE TORONTOÌ | ||
| 942 |
_2ddc _cBK |
||
| 999 |
_c18006 _d18006 |
||